| 000 | 00913cab a2200265 4500 | ||
|---|---|---|---|
| 001 | Z3499 | ||
| 008 | 090401t1993 xxu||||| |||| 00| 0 eng d | ||
| 035 | _a(Sirsi) u53513 | ||
| 041 | _aeng | ||
| 245 | _aAgriculture and the environment | ||
| 260 | _c1993 | ||
| 350 | _a0 | ||
| 490 |
_aCS Monthly : Rural Practice _v2(8) May 1993, 3(1) |
||
| 520 | _aMAFF have published "Agriculture and England`s Environment" in response to EC requirements in EC Agri-Environment Regulation (EEC) 2078/92. This article details the MAFF proposals and provides a response by the RICS. | ||
| 650 | _aCAP REFORM | ||
| 650 | _aENVIRONMENTAL FARMING | ||
| 650 | _aENVIRONMENTALLY SENSITIVE AREAS | ||
| 650 | _aFARMING AND FARM DIVERSIFICATION | ||
| 650 | _aORGANIC FARMING | ||
| 650 | _aPUBLIC ACCESS | ||
| 690 | _aENVIRONMENTAL AND LAND CONSULTANCY | ||
| 690 | _aRURAL PRACTICE | ||
| 942 | _n0 | ||
| 948 | _c04/03/1997 | ||
| 999 |
_c32981 _d32981 |
||